|
|
|
|
| LEADER |
00000nab a2200000 ar4500 |
| 001 |
vtls009291616 |
| 003 |
SK-MaSNL |
| 005 |
20260303052404.0 |
| 008 |
080505c2008 xo wr|p|||||||000 b|slo |
| 038 |
|
|
|a PPPK
|
| 040 |
|
|
|a PPPKCL
|b slo
|c PPPKCL
|e AACR2
|
| 041 |
0 |
|
|a slo
|
| 044 |
|
|
|a xo
|c SK
|
| 080 |
|
|
|a 908
|x (437.6)
|x (091)
|2 2001
|
| 080 |
|
|
|a 615.838
|x (437.6)
|x (091)
|2 2001
|
| 245 |
0 |
0 |
|a Vyšné Ružbachy majú svoju prvú knihu
|c [autor] (mna)
|
| 300 |
|
|
|b Fotogr.
|
| 600 |
1 |
7 |
|a Potočná, Eva
|2 pppkcl
|9 324088
|
| 600 |
1 |
7 |
|a Potočná, Eva
|t Kúpeľná obec Vyšné Ružbachy
|2 pppkcl
|9 1043397
|
| 650 |
0 |
7 |
|a kúpeľníctvo
|2 pppkcl
|9 1140
|
| 650 |
0 |
7 |
|a dejiny
|2 pppkcl
|9 3825
|
| 651 |
|
7 |
|a Vyšné Ružbachy (Slovensko)
|2 pppkcl
|9 22374
|
| 655 |
|
7 |
|a monografie
|2 pppkcl
|9 70139
|
| 655 |
|
7 |
|a recenzie
|2 pppkcl
|9 21907
|
| 773 |
0 |
|
|t Podtatranské noviny
|g Roč. XLIX, č. 3 (2008), s. 9
|
| 852 |
|
|
|a PPPK
|b KIS3GCP
|
| 958 |
|
|
|a RC
|
| 999 |
|
|
|c 1715124
|d 1717054
|